000 00627cam a2200241 4500
001 ABS65487
008 020530n2002 000 0 eng u
035 _a(Sirsi) u118228
245 _aGreater Manchester
260 _c2002
490 _aProperty Week
_v67(20) 24 May 2002, 51-84(13)
590 _aABS
650 _aGREATER MANCHESTER
650 _aRETAIL SECTOR
650 _aREGENERATION
650 _aINDUSTRIAL SECTOR
650 _aLEISURE SECTOR
650 _aPLANNING
650 _aOFFICE SECTOR
650 _aAIRPORTS
690 _aPROPERTY-COMMERCIAL PROPERTY-COMMERCIAL PROPERTY MARKET
942 _n0
999 _c70394
_d70394